[Event "Madrid ch Veteranos 2324"]
[Site "Madrid ESP"]
[Date "2024.03.14"]
[Round "4.17"]
[White "Quintero Torres, Pedro"]
[Black "Barahona Torrijos, Angel"]
[Result "1/2-1/2"]
[WhiteElo "1948"]
[BlackElo "1833"]
[PlyCount "108"]
[EventDate "2024.03.11"]
[EventType "swiss"]
[EventRounds "9"]
[EventCountry "ESP"]
[SourceTitle "Ajedrez en Madrid"]
[Source "lmi"]
[SourceDate "2024.03.11"]
[SourceVersion "1"]
[SourceVersionDate "2024.03.23"]
[SourceQuality "1"]

1. e4 e5 2. Nf3 Nc6 3. Bb5 a6 4. Ba4 Nf6 5. d3 b5 6. Bb3 Bc5 7. O-O d6 8. c3
Bg4 9. Bg5 h6 10. Bxf6 Qxf6 11. Bd5 Kd7 12. Bxc6+ Kxc6 13. Nxe5+ dxe5 14. Qxg4
h5 15. Qe2 g5 16. a4 g4 17. axb5+ axb5 18. Nd2 Bb6 19. Nb3 Rxa1 20. Nxa1 Qe6
21. Nc2 h4 22. d4 Qd7 23. dxe5 g3 24. Nd4+ Bxd4 25. cxd4 Qxd4 26. Rc1+ Kb6 27.
hxg3 hxg3 28. Qe3 Qxe3 29. fxe3 Rd8 30. Rf1 Rd7 31. Rf6+ Kc5 32. Kf1 Kc4 33.
Ke2 Kb3 34. e6 fxe6 35. Rxe6 Kxb2 36. Rc6 b4 37. e5 b3 38. e6 Re7 39. Kd2 Re8
40. Rxc7 Rxe6 41. Rg7 Rd6+ 42. Ke2 Rc6 43. Rxg3 Ka3 44. e4 Kb4 45. Rg8 b2 46.
Rb8+ Kc3 47. Ke3 Kc2 48. Kf4 b1=Q 49. Rxb1 Kxb1 50. e5 Kc2 51. Kf5 Kd3 52. e6
Rxe6 53. Kxe6 Ke4 54. g4 Kf4 1/2-1/2

[Event "Madrid ch Veteranos 2324"]
[Site "Madrid ESP"]
[Date "2024.03.14"]
[Round "4.18"]
[White "Marin Aso, Jose Luis"]
[Black "Martin-Consuegra Barrilero, Javi"]
[Result "1/2-1/2"]
[WhiteElo "1929"]
[BlackElo "1825"]
[PlyCount "71"]
[EventDate "2024.03.11"]
[EventType "swiss"]
[EventRounds "9"]
[EventCountry "ESP"]
[SourceTitle "Ajedrez en Madrid"]
[Source "lmi"]
[SourceDate "2024.03.11"]
[SourceVersion "1"]
[SourceVersionDate "2024.03.23"]
[SourceQuality "1"]

1. e4 d5 2. exd5 Qxd5 3. h3 Nf6 4. Nf3 Bf5 5. d4 Qe4+ 6. Be3 Qxc2 7. Qxc2 Bxc2
8. Nc3 c6 9. Bc4 e6 10. O-O Bd6 11. Rac1 Bg6 12. Ne5 O-O 13. Bf4 Bxe5 14. dxe5
Nd5 15. Bg5 h6 16. Bh4 Nd7 17. Rfe1 Rfe8 18. a3 N7b6 19. Bf1 Rac8 20. Ne4 Bxe4
21. Rxe4 g5 22. Bg3 Rcd8 23. h4 f5 24. exf6 Nxf6 25. Rb4 Rd7 26. hxg5 hxg5 27.
Be5 Nbd5 28. Rb3 Kf7 29. Rf3 g4 30. Rb3 Rg8 31. Be2 Ke7 32. Rg3 a6 33. Rc4 Rdd8
34. Rb3 Rd7 35. Rg3 Rdd8 36. Rb3 1/2-1/2

[Event "Madrid ch Veteranos 2324"]
[Site "Madrid ESP"]
[Date "2024.03.14"]
[Round "4.19"]
[White "Largo Barbero, Benito"]
[Black "Lopez Heras, Arturo"]
[Result "1-0"]
[WhiteElo "1897"]
[BlackElo "1814"]
[PlyCount "47"]
[EventDate "2024.03.11"]
[EventType "swiss"]
[EventRounds "9"]
[EventCountry "ESP"]
[SourceTitle "Ajedrez en Madrid"]
[Source "lmi"]
[SourceDate "2024.03.11"]
[SourceVersion "1"]
[SourceVersionDate "2024.03.23"]
[SourceQuality "1"]

1. Nc3 c5 2. e4 d6 3. g3 Nf6 4. Bg2 Nc6 5. d3 e6 6. f4 Be7 7. Nf3 e5 8. O-O O-O
9. f5 h6 10. h3 a6 11. g4 b5 12. g5 hxg5 13. Nxg5 b4 14. Ne2 Nh7 15. Nxh7 Kxh7
16. Ng3 Rh8 17. Qg4 Bf6 18. Nh5 Qg8 19. Rf3 Be7 20. Bg5 Bxg5 21. Qxg5 Qf8 22.
Rg3 Rg8 23. Qh4 Rh8 24. Nf6# 1-0

[Event "Madrid ch Veteranos 2324"]
[Site "Madrid ESP"]
[Date "2024.03.14"]
[Round "4.20"]
[White "Garcia Martin, Esteban"]
[Black "Perez Hernandez, Alfonso"]
[Result "1-0"]
[WhiteElo "1895"]
[BlackElo "1795"]
[PlyCount "83"]
[EventDate "2024.03.11"]
[EventType "swiss"]
[EventRounds "9"]
[EventCountry "ESP"]
[SourceTitle "Ajedrez en Madrid"]
[Source "lmi"]
[SourceDate "2024.03.11"]
[SourceVersion "1"]
[SourceVersionDate "2024.03.23"]
[SourceQuality "1"]

1. c4 e5 2. Nc3 Nc6 3. g3 g6 4. Bg2 Bg7 5. e4 Nge7 6. Nge2 d6 7. O-O Bg4 8. h3
Be6 9. d3 Nd4 10. Nxd4 exd4 11. Nd5 c6 12. Nxe7 Qxe7 13. Bd2 Qd7 14. Kh2 O-O
15. f4 f5 16. Qe2 fxe4 17. dxe4 Rae8 18. Qd3 a6 19. a4 Qf7 20. Rac1 b5 21. axb5
axb5 22. b3 bxc4 23. bxc4 c5 24. g4 Qe7 25. f5 Be5+ 26. Kg1 Bc8 27. Bh6 Bg7 28.
Bf4 g5 29. Bd2 Be5 30. Ra1 Bb7 31. Rfe1 Kg7 32. Rf1 h6 33. Ra3 Ra8 34. Rfa1 Kf6
35. h4 Qc7 36. Rxa8 Rxa8 37. Rxa8 Bxa8 38. hxg5+ hxg5 39. Qh3 Qg7 40. Qh5 Bb7
41. Qe8 d3 42. Qe6# 1-0

[Event "Madrid ch Veteranos 2324"]
[Site "Madrid ESP"]
[Date "2024.03.14"]
[Round "4.21"]
[White "Villares Galiano, Luis"]
[Black "Garcia Santiago, Juan Carlos"]
[Result "1-0"]
[WhiteElo "1890"]
[BlackElo "1739"]
[PlyCount "97"]
[EventDate "2024.03.11"]
[EventType "swiss"]
[EventRounds "9"]
[EventCountry "ESP"]
[SourceTitle "Ajedrez en Madrid"]
[Source "lmi"]
[SourceDate "2024.03.11"]
[SourceVersion "1"]
[SourceVersionDate "2024.03.23"]
[SourceQuality "1"]

1. d4 Nf6 2. Nc3 d5 3. Bg5 g6 4. Qd2 Bg7 5. Bh6 O-O 6. Bxg7 Kxg7 7. O-O-O Nbd7
8. f3 e6 9. e4 dxe4 10. fxe4 Nb6 11. Kb1 Bd7 12. e5 Nfd5 13. Ne4 f5 14. Nc5 Na4
15. c4 Ne7 16. Nf3 Nxc5 17. dxc5 Ba4 18. Nd4 Kf7 19. b3 Be8 20. Qh6 Rh8 21. Be2
Ng8 22. Qe3 Qh4 23. Bf3 Nh6 24. g3 Ng4 25. Qe2 Qg5 26. h4 Qe3 27. Bxg4 Qxg3 28.
Bf3 a5 29. h5 Bc6 30. Nxc6 bxc6 31. Rd7+ Kf8 32. hxg6 Qxg6 33. Bh5 Qg3 34. Qd2
h6 35. Rd8+ Rxd8 36. Qxd8+ Kg7 37. Qf6+ Kh7 38. Rd1 Rg8 39. Rd7+ Rg7 40. Rxg7+
Qxg7 41. Qxg7+ Kxg7 42. a3 Kf8 43. b4 axb4 44. axb4 Ke7 45. Kc2 Kd8 46. Kd3 Ke7
47. Ke3 Kf8 48. Bf3 Kg7 49. b5 1-0

[Event "Madrid ch Veteranos 2324"]
[Site "Madrid ESP"]
[Date "2024.03.14"]
[Round "4.22"]
[White "Vukotic Jovsic, Dragan"]
[Black "Arjona Anchoriz, Ignacio"]
[Result "1-0"]
[WhiteElo "1882"]
[BlackElo "1606"]
[PlyCount "63"]
[EventDate "2024.03.11"]
[EventType "swiss"]
[EventRounds "9"]
[EventCountry "ESP"]
[SourceTitle "Ajedrez en Madrid"]
[Source "lmi"]
[SourceDate "2024.03.11"]
[SourceVersion "1"]
[SourceVersionDate "2024.03.23"]
[SourceQuality "1"]

1. d4 f5 2. Nf3 e6 3. Bf4 b6 4. e3 Bb7 5. Be2 Nf6 6. O-O Be7 7. h3 O-O 8. c3
Ne4 9. Nbd2 d5 10. Nxe4 fxe4 11. Ne5 Nc6 12. Bg4 Qc8 13. Qa4 Nxe5 14. Bxe5 Bf6
15. Bg3 a6 16. b4 b5 17. Qb3 Bc6 18. f3 Bg5 19. Rae1 Bd7 20. fxe4 Rxf1+ 21.
Kxf1 dxe4 22. d5 c5 23. dxe6 c4 24. exd7 Qf8+ 25. Kg1 cxb3 26. axb3 Qf6 27. c4
Bh4 28. Bxh4 Qxh4 29. Rf1 Rf8 30. Be6+ Rf7 31. Rxf7 Qe1+ 32. Rf1+ 1-0

[Event "Madrid ch Veteranos 2324"]
[Site "Madrid ESP"]
[Date "2024.03.14"]
[Round "4.23"]
[White "Lopez Molina, Santiago Jorge"]
[Black "Ramos Antona, Enrique"]
[Result "1-0"]
[WhiteElo "1881"]
[BlackElo "1736"]
[PlyCount "35"]
[EventDate "2024.03.11"]
[EventType "swiss"]
[EventRounds "9"]
[EventCountry "ESP"]
[SourceTitle "Ajedrez en Madrid"]
[Source "lmi"]
[SourceDate "2024.03.11"]
[SourceVersion "1"]
[SourceVersionDate "2024.03.23"]
[SourceQuality "1"]

1. e4 c5 2. d4 cxd4 3. c3 d5 4. exd5 Qxd5 5. cxd4 Nf6 6. Nc3 Qd6 7. Bc4 e6 8.
Nge2 a6 9. O-O b5 10. Bb3 Be7 11. Bf4 Qd8 12. d5 Bd6 13. dxe6 Bxf4 14. exf7+
Ke7 15. Nxf4 Qxd1 16. Raxd1 Bf5 17. Rfe1+ Kf8 18. Rd8+ 1-0

[Event "Madrid ch Veteranos 2324"]
[Site "Madrid ESP"]
[Date "2024.03.14"]
[Round "4.24"]
[White "Hernandez Gutierrez, Jose"]
[Black "Perez Pascual, Arturo"]
[Result "0-1"]
[WhiteElo "1825"]
[BlackElo "1710"]
[PlyCount "77"]
[EventDate "2024.03.11"]
[EventType "swiss"]
[EventRounds "9"]
[EventCountry "ESP"]
[SourceTitle "Ajedrez en Madrid"]
[Source "lmi"]
[SourceDate "2024.03.11"]
[SourceVersion "1"]
[SourceVersionDate "2024.03.23"]
[SourceQuality "1"]

1. d4 d5 2. c4 c6 3. Nc3 Nf6 4. Nf3 Bf5 5. cxd5 Nxd5 6. Qb3 Qb6 7. Nxd5 cxd5 8.
Qxd5 e6 9. Qc4 Bb4+ 10. Bd2 Bxd2+ 11. Nxd2 Nc6 12. Nb3 O-O 13. e3 Nb4 14. Rd1
Rac8 15. Qb5 Nc2+ 16. Kd2 Qd6 17. Bd3 Bxd3 18. Qxd3 Nb4 19. Qb1 Rc2+ 20. Ke1
Qa6 21. Rd2 Rfc8 22. Nc5 Nd3+ 23. Rxd3 R8xc5 24. dxc5 Qxd3 25. Qd1 Qxd1+ 26.
Kxd1 Rxb2 27. Re1 Rxa2 28. Re2 Rxe2 29. Kxe2 Kf8 30. Kd3 Ke7 31. Kc4 a6 32. Kb4
Kd7 33. e4 e5 34. g3 g5 35. h3 h5 36. f3 Kc6 37. Kc4 a5 38. f4 f6 39. fxe5 0-1

[Event "Madrid ch Veteranos 2324"]
[Site "Madrid ESP"]
[Date "2024.03.14"]
[Round "4.25"]
[White "Gimenez Buiza, Fernando"]
[Black "Martinez Miura, Enrique"]
[Result "1-0"]
[WhiteElo "1824"]
[BlackElo "1696"]
[PlyCount "95"]
[EventDate "2024.03.11"]
[EventType "swiss"]
[EventRounds "9"]
[EventCountry "ESP"]
[SourceTitle "Ajedrez en Madrid"]
[Source "lmi"]
[SourceDate "2024.03.11"]
[SourceVersion "1"]
[SourceVersionDate "2024.03.23"]
[SourceQuality "1"]

1. d4 d5 2. Nc3 Nf6 3. Bf4 c6 4. e3 Bf5 5. f3 h6 6. g4 Bg6 7. h4 e6 8. Bd3 Bxd3
9. Qxd3 Bd6 10. Nge2 Bxf4 11. Nxf4 Na6 12. O-O-O Nb4 13. Qe2 Qd7 14. g5 hxg5
15. hxg5 Rxh1 16. Rxh1 Ng8 17. Kb1 O-O-O 18. Na4 Na6 19. Rh7 f6 20. Nh5 fxg5
21. Rxg7 Qe8 22. Rxg5 Ne7 23. Qg2 Nf5 24. Qg1 Qe7 25. f4 Qf7 26. Ng7 Nxg7 27.
Rxg7 Qf5 28. Rg5 Qe4 29. Nc3 Qh7 30. Rg7 Qf5 31. a3 Rh8 32. Rg5 Qf7 33. Ne2 Nc7
34. Nc1 Nb5 35. Nd3 Nd6 36. Ne5 Qf6 37. Rg6 Qf5 38. Rg8+ Rxg8 39. Qxg8+ Kc7 40.
Qg7+ Kb6 41. Nd7+ Ka6 42. Nc5+ Kb6 43. Qd7 Qh3 44. Qxd6 Qf1+ 45. Ka2 Qc4+ 46.
Nb3 a5 47. Qd8+ Ka6 48. Qxa5# 1-0

[Event "Madrid ch Veteranos 2324"]
[Site "Madrid ESP"]
[Date "2024.03.14"]
[Round "4.26"]
[White "Ortega Molina, Tomas"]
[Black "San Segundo Ortiz, Fernando"]
[Result "0-1"]
[WhiteElo "1716"]
[BlackElo "1813"]
[PlyCount "128"]
[EventDate "2024.03.11"]
[EventType "swiss"]
[EventRounds "9"]
[EventCountry "ESP"]
[SourceTitle "Ajedrez en Madrid"]
[Source "lmi"]
[SourceDate "2024.03.11"]
[SourceVersion "1"]
[SourceVersionDate "2024.03.23"]
[SourceQuality "1"]

1. d4 Nf6 2. c4 g6 3. Nc3 Bg7 4. e4 d6 5. Nf3 O-O 6. Be2 b6 7. O-O Bb7 8. Qc2
Re8 9. Be3 a6 10. Rad1 Qc8 11. e5 Ng4 12. h3 Nxe3 13. fxe3 c6 14. Qb3 Bh6 15.
Rd3 Qc7 16. Ne4 d5 17. Nf2 b5 18. c5 Bc8 19. Nh2 a5 20. Nfg4 Bg7 21. Qd1 b4 22.
Qe1 Rf8 23. Qh4 Ba6 24. Rd2 h5 25. Bxa6 Nxa6 26. Nf2 f5 27. Nd3 Bh6 28. Qg3 Kh7
29. Nf4 Bxf4 30. Qxf4 e6 31. Nf3 Qe7 32. Ng5+ Kg7 33. Rdf2 Nc7 34. Qh4 Rae8 35.
g4 Rh8 36. gxf5 exf5 37. Qg3 h4 38. Qg2 Kh6 39. Nf3 Ne6 40. Kh1 Rhg8 41. Rg1
Rg7 42. Qf1 Ra8 43. Rfg2 a4 44. Qf2 g5 45. Nh2 Rf8 46. Qe2 Rg6 47. Qa6 f4 48.
Ng4+ Kg7 49. Nf6 Rfxf6 50. exf6+ Qxf6 51. Qxc6 fxe3 52. Qxd5 Nf4 53. Qd7+ Kh6
54. Rh2 Nd3 55. Qd5 Nf2+ 56. Kg2 g4 57. hxg4 Rxg4+ 58. Kf1 Rxg1+ 59. Kxg1 e2
60. Qe5 Qxe5 61. dxe5 e1=Q+ 62. Kg2 Kg5 63. e6 Ng4 64. Rh1 Qf2+ 0-1

[Event "Madrid ch Veteranos 2324"]
[Site "Madrid ESP"]
[Date "2024.03.14"]
[Round "4.27"]
[White "Lobato Palomo, Manuel Angel"]
[Black "Vasquez Escobar, Andres Eloy"]
[Result "1-0"]
[WhiteElo "1804"]
[BlackElo "1626"]
[PlyCount "91"]
[EventDate "2024.03.11"]
[EventType "swiss"]
[EventRounds "9"]
[EventCountry "ESP"]
[SourceTitle "Ajedrez en Madrid"]
[Source "lmi"]
[SourceDate "2024.03.11"]
[SourceVersion "1"]
[SourceVersionDate "2024.03.23"]
[SourceQuality "1"]

1. d4 c5 2. d5 e5 3. e4 d6 4. c4 Nf6 5. Nc3 Be7 6. Bd2 Na6 7. Bd3 Bd7 8. h3 Nc7
9. f4 exf4 10. Bxf4 Bc8 11. Nf3 O-O 12. O-O a6 13. Qd2 Nfe8 14. e5 dxe5 15.
Bxe5 f6 16. Bh2 Bd6 17. Rae1 Bxh2+ 18. Nxh2 Nd6 19. Qf2 b6 20. Ng4 Bd7 21. Qg3
Bxg4 22. Qxg4 Nf7 23. Qh5 Nh6 24. Ne4 Kh8 25. Ng3 Re8 26. Nf5 Rxe1 27. Rxe1
Nxf5 28. Bxf5 Qg8 29. Be6 Qe8 30. Qf7 Nxe6 31. Qxe6 Qd8 32. d6 h6 33. d7 Kh7
34. Qe8 Rb8 35. Qe4+ Kh8 36. Qe8+ Kh7 37. Re7 Qc7 38. Qxb8 Qxb8 39. Re8 Qf4 40.
d8=Q Qc1+ 41. Kf2 Qf4+ 42. Ke2 Qg5 43. Qd3+ f5 44. Qf3 Qg6 45. Re5 Qd6 46.
Qxf5+ 1-0

[Event "Madrid ch Veteranos 2324"]
[Site "Madrid ESP"]
[Date "2024.03.14"]
[Round "4.28"]
[White "Saflekos, Apostolos"]
[Black "Rodriguez Rodriguez, Ricardo"]
[Result "0-1"]
[WhiteElo "1639"]
[BlackElo "1786"]
[PlyCount "60"]
[EventDate "2024.03.11"]
[EventType "swiss"]
[EventRounds "9"]
[EventCountry "ESP"]
[SourceTitle "Ajedrez en Madrid"]
[Source "lmi"]
[SourceDate "2024.03.11"]
[SourceVersion "1"]
[SourceVersionDate "2024.03.23"]
[SourceQuality "1"]

1. e4 c5 2. Nf3 Nc6 3. d4 cxd4 4. Nxd4 Nf6 5. Nc3 d6 6. Bb5 Bd7 7. O-O a6 8.
Bc4 e6 9. Re1 Be7 10. Bg5 O-O 11. Nxc6 Bxc6 12. e5 dxe5 13. Bd3 e4 14. Bxf6
Bxf6 15. Nxe4 Bxb2 16. Qh5 g6 17. Qh6 Bg7 18. Qh3 Bxa1 19. Rxa1 Bxe4 20. Bxe4
Qd4 21. Re1 Rab8 22. Qb3 Rfd8 23. h4 Qd2 24. Re3 Qd1+ 25. Kh2 Qg4 26. g3 Rd4
27. Bf3 Qf5 28. Qc3 Rbd8 29. Bxb7 Qxf2+ 30. Bg2 Rd2 0-1

[Event "Madrid ch Veteranos 2324"]
[Site "Madrid ESP"]
[Date "2024.03.14"]
[Round "4.29"]
[White "Infante Martin, Alonso"]
[Black "Alberdi Garcia, Carlos Alfonso"]
[Result "1-0"]
[WhiteElo "1618"]
[BlackElo "1765"]
[PlyCount "71"]
[EventDate "2024.03.11"]
[EventType "swiss"]
[EventRounds "9"]
[EventCountry "ESP"]
[SourceTitle "Ajedrez en Madrid"]
[Source "lmi"]
[SourceDate "2024.03.11"]
[SourceVersion "1"]
[SourceVersionDate "2024.03.23"]
[SourceQuality "1"]

1. d4 Nf6 2. Nf3 e6 3. c4 Bb4+ 4. Nc3 Ne4 5. Qc2 f5 6. a3 Bxc3+ 7. bxc3 b6 8.
g3 Bb7 9. Bg2 Nc6 10. O-O O-O 11. d5 Na5 12. Ne5 exd5 13. cxd5 Bxd5 14. Rd1 Bb3
15. Qd3 Bxd1 16. Qxd1 d6 17. Qd5+ Kh8 18. Nf7+ Rxf7 19. Qxf7 Rc8 20. Qxf5 Nxc3
21. Qd3 Na4 22. Bd2 Nc5 23. Qc2 Nab3 24. Rb1 Nxd2 25. Qxd2 Qe7 26. Bc6 Rf8 27.
Rb4 Qe5 28. Rh4 Qa1+ 29. Kg2 Qxa3 30. Qc2 h6 31. Qg6 Qc1 32. e3 Rf6 33. Rxh6+
gxh6 34. Qxf6+ Kh7 35. Qf7+ Kh8 36. Bd5 1-0

[Event "Madrid ch Veteranos 2324"]
[Site "Madrid ESP"]
[Date "2024.03.14"]
[Round "4.33"]
[White "Bermudez Melero, Fernando"]
[Black "Lopez Orellana, Federico"]
[Result "1-0"]
[WhiteElo "1840"]
[BlackElo "1752"]
[PlyCount "43"]
[EventDate "2024.03.11"]
[EventType "swiss"]
[EventRounds "9"]
[EventCountry "ESP"]
[SourceTitle "Ajedrez en Madrid"]
[Source "lmi"]
[SourceDate "2024.03.11"]
[SourceVersion "1"]
[SourceVersionDate "2024.03.23"]
[SourceQuality "1"]

1. d4 e6 2. Nc3 f5 3. e4 fxe4 4. Nxe4 Nf6 5. Bg5 Be7 6. Bxf6 Bxf6 7. Nf3 O-O 8.
Bd3 Nc6 9. c3 d5 10. Ng3 e5 11. dxe5 Nxe5 12. Nxe5 Qe7 13. f4 Bxe5 14. fxe5
Qxe5+ 15. Be2 Bg4 16. Qd4 Rae8 17. Qxg4 Rf4 18. Qh5 Qe3 19. Qxd5+ Kh8 20. Rf1
Rxf1+ 21. Kxf1 Rf8+ 22. Bf3 1-0

[Event "Madrid ch Veteranos 2324"]
[Site "Madrid ESP"]
[Date "2024.03.14"]
[Round "4.34"]
[White "Camarero Izquierdo, Juan Carlos"]
[Black "Nevado Munoz, Rafael"]
[Result "1/2-1/2"]
[WhiteElo "1813"]
[BlackElo "1710"]
[PlyCount "111"]
[EventDate "2024.03.11"]
[EventType "swiss"]
[EventRounds "9"]
[EventCountry "ESP"]
[SourceTitle "Ajedrez en Madrid"]
[Source "lmi"]
[SourceDate "2024.03.11"]
[SourceVersion "1"]
[SourceVersionDate "2024.03.23"]
[SourceQuality "1"]

1. e4 e6 2. d4 d5 3. e5 c5 4. c3 Nc6 5. Nf3 c4 6. b3 b5 7. a4 bxa4 8. bxc4 a5
9. c5 Bd7 10. Na3 Rb8 11. c4 Nb4 12. Nb5 dxc4 13. Nd6+ Bxd6 14. exd6 c3 15. Bc4
Nf6 16. O-O O-O 17. Bg5 h6 18. Bh4 g5 19. Nxg5 hxg5 20. Bxg5 Kg7 21. Qf3 Rh8
22. Qxc3 Ne4 23. Bxd8 Nxc3 24. Bxa5 Rh4 25. Rfc1 Ncd5 26. Bxd5 exd5 27. Bxb4
Rxb4 28. c6 Rh6 29. cxd7 Rxd6 30. Rc7 Rxd4 31. f3 Rb4 32. Ra3 d4 33. Rd3 Kf6
34. h4 Ke7 35. d8=Q+ Kxd8 36. Rxf7 Rd7 37. Rxd7+ Kxd7 38. h5 Ke6 39. g4 Ke5 40.
Ra3 Kf4 41. Kg2 Rb3 42. Rxa4 Rb2+ 43. Kh3 Ke3 44. h6 Rb1 45. Kh4 d3 46. Ra3 Kf4
47. Kh5 d2 48. Rd3 d1=Q 49. Rxd1 Rxd1 50. h7 Rd5+ 51. Kg6 Rd6+ 52. Kh5 Rd5+ 53.
Kg6 Rd6+ 54. Kg7 Rd7+ 55. Kg6 Rd6+ 56. Kg7 1/2-1/2

[Event "Madrid ch Veteranos 2324"]
[Site "Madrid ESP"]
[Date "2024.03.14"]
[Round "4.35"]
[White "Jimenez Ascarza, Jose Ignacio"]
[Black "Montero Montero, Juan Jose"]
[Result "1-0"]
[WhiteElo "1755"]
[BlackElo "1779"]
[PlyCount "69"]
[EventDate "2024.03.11"]
[EventType "swiss"]
[EventRounds "9"]
[EventCountry "ESP"]
[SourceTitle "Ajedrez en Madrid"]
[Source "lmi"]
[SourceDate "2024.03.11"]
[SourceVersion "1"]
[SourceVersionDate "2024.03.23"]
[SourceQuality "1"]

1. e4 Nf6 2. e5 Nd5 3. d4 d6 4. c4 Nb6 5. exd6 cxd6 6. Nc3 g6 7. Be3 Bg7 8. Rc1
Nc6 9. d5 Ne5 10. b3 O-O 11. Be2 Bf5 12. f4 Ned7 13. Nf3 Bg4 14. O-O Nf6 15. h3
Bf5 16. Nd4 Bd7 17. f5 Bc8 18. Qd2 Re8 19. Bh6 e5 20. dxe6 fxe6 21. Bxg7 Kxg7
22. fxg6 hxg6 23. Rf2 a6 24. Rcf1 Rf8 25. Bd3 Nh7 26. Qe3 Rxf2 27. Rxf2 e5 28.
Qe4 Qe8 29. Qe3 Bd7 30. Nf5+ gxf5 31. Qxb6 e4 32. Be2 Qb8 33. Qd4+ Kf7 34. Bh5+
Kf8 35. Qh8+ 1-0

[Event "Madrid ch Veteranos 2324"]
[Site "Madrid ESP"]
[Date "2024.03.14"]
[Round "4.36"]
[White "Fernandez Rios, Jose Francisco"]
[Black "Hortelano Hap, Ramon"]
[Result "1-0"]
[WhiteElo "1770"]
[BlackElo "1680"]
[PlyCount "67"]
[EventDate "2024.03.11"]
[EventType "swiss"]
[EventRounds "9"]
[EventCountry "ESP"]
[SourceTitle "Ajedrez en Madrid"]
[Source "lmi"]
[SourceDate "2024.03.11"]
[SourceVersion "1"]
[SourceVersionDate "2024.03.23"]
[SourceQuality "1"]

1. d4 Nf6 2. c4 g6 3. Nc3 d5 4. cxd5 Nxd5 5. e4 Nxc3 6. bxc3 Bg7 7. Nf3 O-O 8.
Be2 c5 9. O-O Nc6 10. Be3 Bg4 11. d5 Ne5 12. Nxe5 Bxe2 13. Qxe2 Bxe5 14. Rac1
Qd6 15. f4 Bg7 16. Qc4 b6 17. e5 Qd7 18. Rcd1 Rad8 19. Rd2 Qg4 20. h3 Qh4 21.
Bf2 Qh6 22. Rfd1 g5 23. Bg3 gxf4 24. Qxf4 Qxf4 25. Bxf4 Rd7 26. c4 f6 27. e6
Rdd8 28. d6 Ra8 29. d7 f5 30. Bc7 Bd4+ 31. Rxd4 cxd4 32. Rxd4 Rf6 33. d8=Q+
Rxd8 34. Rxd8+ 1-0

[Event "Madrid ch Veteranos 2324"]
[Site "Madrid ESP"]
[Date "2024.03.14"]
[Round "4.37"]
[White "Benito Mellado, Humberto"]
[Black "Conchillo Roman, Jose Ignacio"]
[Result "1/2-1/2"]
[WhiteElo "1612"]
[BlackElo "1718"]
[PlyCount "106"]
[EventDate "2024.03.11"]
[EventType "swiss"]
[EventRounds "9"]
[EventCountry "ESP"]
[SourceTitle "Ajedrez en Madrid"]
[Source "lmi"]
[SourceDate "2024.03.11"]
[SourceVersion "1"]
[SourceVersionDate "2024.03.23"]
[SourceQuality "1"]

1. d4 Nf6 2. c4 g6 3. Nf3 Bg7 4. g3 d6 5. Bg2 O-O 6. O-O Nc6 7. Nc3 Bd7 8. Rb1
Qc8 9. Re1 e5 10. d5 Ne7 11. e4 a6 12. a4 Bh3 13. Nh4 h6 14. Bh1 g5 15. Ng2 Nh7
16. b4 f5 17. exf5 Nxf5 18. Ne4 Nf6 19. Nxf6+ Rxf6 20. Bb2 Ne7 21. c5 Qf5 22.
Rf1 Rff8 23. Qd2 Qf7 24. cxd6 cxd6 25. Rbd1 Rac8 26. f3 Bd7 27. a5 Bb5 28. Rf2
Ba4 29. Ra1 Rc2 30. Qe3 Rxf2 31. Kxf2 Nxd5 32. Qe4 Bc6 33. Ne1 Nc7 34. Qe3 Qe6
35. Rd1 d5 36. Kg1 Re8 37. Bg2 d4 38. Qd3 Nd5 39. Qc4 Qd6 40. Nd3 Kh8 41. Bc1
Rc8 42. Bh3 Rc7 43. Qb3 Nc3 44. Rf1 Bb5 45. Bf5 Ne2+ 46. Kf2 Bxd3 47. Bxd3 Nxc1
48. Rxc1 Rxc1 49. Qf7 Rc3 50. Bf5 Qf6 51. Qe8+ Qf8 52. Qg6 Qa8 53. Be6 Qf8
1/2-1/2

[Event "Madrid ch Veteranos 2324"]
[Site "Madrid ESP"]
[Date "2024.03.14"]
[Round "4.38"]
[White "Calle Trueba, Jose Antonio"]
[Black "Menendez Domens, Juan Manuel"]
[Result "0-1"]
[WhiteElo "1646"]
[BlackElo "1651"]
[PlyCount "98"]
[EventDate "2024.03.11"]
[EventType "swiss"]
[EventRounds "9"]
[EventCountry "ESP"]
[SourceTitle "Ajedrez en Madrid"]
[Source "lmi"]
[SourceDate "2024.03.11"]
[SourceVersion "1"]
[SourceVersionDate "2024.03.23"]
[SourceQuality "1"]

1. e4 e5 2. Nf3 Nc6 3. Bc4 Nf6 4. d3 h6 5. O-O Bc5 6. c3 d6 7. Bb3 Bg4 8. Bc2
a6 9. b4 Ba7 10. Nbd2 O-O 11. Nc4 d5 12. Ne3 Bh5 13. Nf5 dxe4 14. dxe4 Qxd1 15.
Rxd1 Ng4 16. Rf1 Rad8 17. h3 Nf6 18. Be3 Bxe3 19. Nxe3 Bxf3 20. gxf3 Rd2 21.
Rad1 Rfd8 22. Rxd2 Rxd2 23. Rd1 Rxd1+ 24. Bxd1 Kf8 25. Bb3 Ne7 26. Nd5 Nfxd5
27. Bxd5 Nxd5 28. exd5 Ke7 29. a4 Kd6 30. c4 a5 31. bxa5 Kc5 32. Kf1 f6 33. Ke2
Kxc4 34. d6 cxd6 35. Ke3 f5 36. a6 bxa6 37. a5 Kb5 38. Kd3 Kxa5 39. Kc4 Kb6 40.
f4 e4 41. h4 g6 42. Kd4 Kc6 43. Kc4 d5+ 44. Kd4 a5 45. h5 gxh5 46. Ke5 a4 47.
Kxf5 a3 48. Ke6 a2 49. f5 a1=Q 0-1

[Event "Madrid ch Veteranos 2324"]
[Site "Madrid ESP"]
[Date "2024.03.15"]
[Round "5.1"]
[White "Candela Perez, Jose"]
[Black "Longa Yauca, Javier"]
[Result "0-1"]
[WhiteElo "2301"]
[BlackElo "2238"]
[PlyCount "52"]
[EventDate "2024.03.11"]
[EventType "swiss"]
[EventRounds "9"]
[EventCountry "ESP"]
[SourceTitle "Ajedrez en Madrid"]
[Source "lmi"]
[SourceDate "2024.03.11"]
[SourceVersion "1"]
[SourceVersionDate "2024.03.23"]
[SourceQuality "1"]

1. e4 d6 2. d4 e5 3. Nf3 Nf6 4. dxe5 Nxe4 5. Qd5 Nc5 6. Bg5 Qd7 7. exd6 Bxd6 8.
Nc3 O-O 9. O-O-O a6 10. Be3 Ne6 11. Ne4 Be7 12. Qh5 Qc6 13. Bd3 f5 14. Neg5
Nxg5 15. Nxg5 h6 16. Nf3 Bf6 17. Kb1 Be6 18. Qg6 Qa4 19. b3 Qa3 20. Nd4 Nc6 21.
Bc1 Qa5 22. Bd2 Qe5 23. Bc3 Nxd4 24. Rhe1 Qc5 25. Bb2 Bf7 26. Qg3 Rad8 0-1

[Event "Madrid ch Veteranos 2324"]
[Site "Madrid ESP"]
[Date "2024.03.15"]
[Round "5.2"]
[White "Grabuzova, Tatiana"]
[Black "Barraza Caracuel, Ignacio"]
[Result "1-0"]
[WhiteElo "2216"]
[BlackElo "2049"]
[PlyCount "43"]
[EventDate "2024.03.11"]
[EventType "swiss"]
[EventRounds "9"]
[EventCountry "ESP"]
[SourceTitle "Ajedrez en Madrid"]
[Source "lmi"]
[SourceDate "2024.03.11"]
[SourceVersion "1"]
[SourceVersionDate "2024.03.23"]
[SourceQuality "1"]

1. Nf3 c5 2. g3 d5 3. Bg2 Nf6 4. O-O g6 5. c4 d4 6. b4 cxb4 7. a3 b3 8. d3 Bg7
9. Nbd2 Nc6 10. Nxb3 O-O 11. Bb2 e5 12. Qc2 Bf5 13. Nh4 Be6 14. Nc5 Bc8 15. Qa4
Qc7 16. Na6 Qb6 17. Qb5 Bg4 18. Nc5 Qc7 19. Qxb7 Qxb7 20. Nxb7 e4 21. f3 Bc8
22. Nd6 1-0